00609nam a2200133Ia 4500082002000000245004800020260004200068500023700110650004500347700002100392700001900413700002000432700002300452 aRR 920.041 DIC; 0aDictionary of national biography: 1951-1960 aLondonbOxford University Pressc1971 aWith an index covering the years 1901-1960 in one alphabetical series, 1951-1960/edited by E.T.Williams and Helen M.Palmer - 1951-1960/edited by E.T.Williams and Helen M.Palmer - 1941-1950/edited by L.G.Wickham Legg and E.T.Williams aCelebrities - Biography - United Kingdom aPalmer, Helen M. aWilliams, E.T. aWilliams,. E.T. aWickham Legg, L.G.